| Tag |
First Indicator |
Second Indicator |
Subfields |
| LEADER |
00000cam a2200000 a 4500 |
| 001 |
in00000832011 |
| 005 |
20151019050444.0 |
| 008 |
821201s1982 dcuk s f00000 eng d |
| 010 |
|
|
|a gp 83004379
|
| 020 |
|
|
|c $5.50
|
| 035 |
|
|
|a (OCoLC)09035711
|
| 035 |
|
|
|9 ADY5081AM
|
| 040 |
|
|
|a GPO
|c GPO
|d UtOrBLW
|
| 043 |
|
|
|a n-us-ok
|
| 074 |
|
|
|a 156-M-36
|
| 086 |
0 |
|
|a C 3.223/23:980/38
|
| 088 |
|
|
|a PHC 80-3-38
|
| 130 |
0 |
|
|a Census of population and housing (1980)
|
| 245 |
1 |
0 |
|a 1980 census of population and housing :
|b summary characteristics for governmental units and standard metropolitan statistical areas : Oklahoma.
|
| 264 |
|
1 |
|a Washington, D.C. :
|b U.S. Dept. of Commerce, Bureau of the Census :
|c 1982.
|
| 264 |
|
2 |
|a Washington, D.C. :
|b For sale by the Supt. of Docs., U.S. G.P.O.,
|
| 300 |
|
|
|a 89 pages in various pagings :
|b forms ;
|c 28 cm.
|
| 336 |
|
|
|a text
|b txt
|2 rdacontent
|
| 337 |
|
|
|a unmediated
|b n
|2 rdamedia
|
| 338 |
|
|
|a volume
|b nc
|2 rdacarrier
|
| 500 |
|
|
|a "Population Division"--Title page verso.
|
| 500 |
|
|
|a "Housing Division"--Title page verso.
|
| 500 |
|
|
|a "Issued September 1982."
|
| 500 |
|
|
|a "PHC80-3-38."
|
| 650 |
|
0 |
|a Housing
|z Oklahoma
|x Statistics.
|
| 651 |
|
0 |
|a Oklahoma
|x Population
|x Statistics.
|
| 651 |
|
0 |
|a Oklahoma
|x Census, 1980.
|
| 651 |
|
0 |
|a United States
|x Census, 20th, 1980.
|
| 710 |
1 |
|
|a United States.
|b Bureau of the Census.
|b Housing Division.
|
| 710 |
1 |
|
|a United States.
|b Bureau of the Census.
|b Population Division.
|
| 740 |
0 |
|
|a Summary characteristics for governmental units and standard metropolitan statistical areas: Oklahoma.
|
| 740 |
0 |
|
|a Oklahoma.
|
| 999 |
|
|
|a MARS
|
| 999 |
f |
f |
|s b76a3c53-c7c1-36d9-83d6-e1978453d75d
|i 6a4aa42f-b90a-3b41-99e9-81c88ee177f3
|t 0
|
| 952 |
f |
f |
|p noncirc
|a Texas A&M University
|b College Station
|c Sterling C. Evans Library
|d Evans: US Documents (Annex 5th floor)
|t 0
|e C 3.223/23:980/38
|h Superintendent of Documents classification
|i unmediated -- volume
|m A14814305079
|
| 998 |
f |
f |
|a C 3.223/23:980/38
|t 0
|l Evans: US Documents (Annex 5th floor)
|